| 000 | 00652cam a2200265ua 4500 | ||
|---|---|---|---|
| 041 |
_aeng _h |
||
| 082 |
_a425 _bHOR/CO |
||
| 100 | _aHornby, A S . | ||
| 245 |
_aComposition exercises in elementary English / _cA S Hornby. _hTextual Documents |
||
| 260 |
_aLondon : _bMacMillan and Company Limited , _c1966. |
||
| 300 | _a184 ; . | ||
| 504 | _a | ||
| 942 | _cBK | ||
| 999 |
_c960 _d960 |
||